| 000 | 00503nam a2200157Ia 4500 | ||
|---|---|---|---|
| 008 | 170221s9999 xx 000 0 und d | ||
| 100 | _aAborisade Philip Olubunmi | ||
| 245 | 4 | _aThe Emerging Cyber Media: The beginning of a New Media and the end of Old Media | |
| 245 | _cAborisade Philip Olubunmi | ||
| 260 | _bOnline Journal of Communication and Media Technologies | ||
| 260 | _c2014 | ||
| 300 | _aXII : 1 | ||
| 650 | _xCommunication | ||
| 650 | _xMedia Arts | ||
| 856 | _uhttp://www.ojcmt.net/ | ||
| 999 |
_c308804 _d308804 |
||